000 00489nam a2200205Ia 4500
005 20240823045403.0
008 240823s9999||||xx |||||||||||||| ||und||
020 _a1-57444-326-7
041 _aENGLISH
082 _A658.4013 P8
100 _aOmachonu V K
245 0 _aPrinciples of Total quality
250 _aIII
260 _c2008
_b"CRC Press,Boca "
500 _aYES
650 _aTotal Quality
_bManagement Studies
700 _a Ross J E
942 _cBK
999 _c214845
_d214845